[Event "Berlin Eckbauer op 19th"]
[Site "Berlin"]
[Date "2016.11.28"]
[Round "7"]
[White "Gerisch, Hans Dieter"]
[Black "Beckmann, Sonja"]
[Result "1-0"]
[WhiteElo "1511"]
[BlackElo "1416"]
[PlyCount "63"]
[EventDate "2016.10.10"]
[EventType "swiss"]
[EventRounds "7"]
[EventCountry "GER"]
[SourceTitle "EXT 2022"]
[Source "ChessBase"]
[SourceDate "2021.10.06"]
[SourceVersion "1"]
[SourceVersionDate "2021.10.06"]
[SourceQuality "1"]

1. e4 c5 2. Nf3 Nc6 3. d4 cxd4 4. Nxd4 g6 5. Nb3 Bg7 6. Nc3 Nf6 7. a3 e6 8. Bd3 0-0 9. 0-0 d5 10. Rb1 d4 11. Ne2 e5 12. Ng3 Bg4 13. f3 Be6 14. Bd2 Bxb3 15. cxb3 a6 16. f4 Nd7 17. b4 b5 18. f5 Bf6 19. Qb3 Nb6 20. fxg6 hxg6 21. Qd1 Bg5 22. Bxg5 Qxg5 23. Qe2 Kg7 24. Rf3 Rh8 25. Rbf1 Raf8 26. Nf5+ Kg8 27. Rg3 Qd8 28. Qg4 Nd7 29. Rh3 Rxh3 30. Qxh3 gxf5 31. Rxf5 Nf6 32. Rg5# 1-0

[Event "Berlin Eckbauer op 19th"]
[Site "Berlin"]
[Date "2016.10.17"]
[Round "2"]
[White "Lampe, Christian"]
[Black "Gerisch, Hans Dieter"]
[Result "1-0"]
[WhiteElo "1846"]
[BlackElo "1511"]
[PlyCount "37"]
[EventDate "2016.10.10"]
[EventType "swiss"]
[EventRounds "7"]
[EventCountry "GER"]
[SourceTitle "EXT 2022"]
[Source "ChessBase"]
[SourceDate "2021.10.06"]
[SourceVersion "1"]
[SourceVersionDate "2021.10.06"]
[SourceQuality "1"]

1. c4 e6 2. g3 d5 3. Bg2 Nf6 4. Nf3 Be7 5. 0-0 0-0 6. d4 Nbd7 7. Nc3 c6 8. b3 h6 9. Re1 Bd6 10. c5 Bc7 11. b4 e5 12. e4 dxe4 13. Nxe4 exd4 14. Qxd4 Re8 15. Bb2 Re6 16. Bh3 Re8 17. Rad1 Qe7 18. Bxd7 Bxd7 19. Nxf6+ 1-0

[Event "Berlin Eckbauer op 18th"]
[Site "Berlin"]
[Date "2015.10.12"]
[Round "2"]
[White "Prix, Siegfried"]
[Black "Gerisch, Hans Dieter"]
[Result "0-1"]
[WhiteElo "1708"]
[BlackElo "1531"]
[PlyCount "78"]
[EventDate "2015.10.05"]
[EventType "swiss"]
[EventRounds "7"]
[EventCountry "GER"]
[SourceTitle "EXT 2022"]
[Source "ChessBase"]
[SourceDate "2021.10.06"]
[SourceVersion "1"]
[SourceVersionDate "2021.10.06"]
[SourceQuality "1"]

1. e4 e5 2. Nf3 Nc6 3. Bc4 Bc5 4. b4 Bxb4 5. c3 Be7 6. d4 exd4 7. cxd4 d6 8. Nc3 Nf6 9. 0-0 0-0 10. Bf4 Bg4 11. Be3 Re8 12. Rb1 Rb8 13. Bb5 Bf8 14. d5 a6 15. Bd3 Ne5 16. Be2 Nxf3+ 17. Bxf3 Bxf3 18. Qxf3 b5 19. Rfc1 Qd7 20. Bd4 Re7 21. Bxf6 gxf6 22. Qxf6 Bg7 23. Qg5 Kh8 24. f3 Rg8 25. Qe3 f5 26. Ne2 fxe4 27. fxe4 Be5 28. Nf4 Qg4 29. Rc2 Qxf4 30. Qxf4 Bxf4 31. Rc6 Be3+ 32. Kf1 Bc5 33. Rb3 Rxe4 34. Rf3 Rge8 35. g3 Re2 36. a4 Rxh2 37. axb5 axb5 38. Rb3 Rf2+ 39. Kg1 Re1# 0-1